000 00686nam a22002055i 4500
001 177593
003 ES-MaACL
005 20250809062602.0
008 110405s1964 sp |||| | spa d
080 _a340.12(460)
100 1 _aSánchez del Río, Carlos.
_9102608
245 1 3 _aEl derecho del porvenir /
_cpor Carlos Sánchez del Río.
260 _aMadrid :
_bMontecorvo,
_c1964.
300 _a198 p. ;
_c24 cm.
490 1 _aMonografías. Colección de estudios jurídicos ;
_v5
650 0 4 _aDerecho-
_xFilosofía
_911620
830 0 _aMonografías. Colección de estudios jurídicos ;
_v5
_9190484
852 _aES-MaACL
_j-14796
_xOlim P-860-bis
999 _c177593
_d177593